000 00642nam a2200241Ia 4500
003 OSt
005 20221007071301.0
006 a|||||r|||| 00| 0
007 ta
008 221006b |||||||| |||| 00| 0 eng d
024 _a21,391
037 _cTextual
040 _aFLL
_cFLL
_beng
041 _2eng
_aeng
082 _aZ2:121, L4
100 _aPassingham Bernard
_9688449
245 0 _aLaw and practice in matrimonial causes
250 _a2nd
260 _aLondon
_bButterworth & Co. U.K
_c1974
300 _axxxix, 452p
_ccm.
942 _hZ2:121, L4
_cTEXL
_2CC
999 _c1142948
_d1142948